Geography Quiz

Random Geography or Food Quiz

American Places in Food Names Quiz Stats

 Plays Quiz Updated Nov 8, 2018

Support Sporcle.
Go Orange.
Score 0/20 Timer 05:00
6 Plays Today
Food description Food % Correct
Popular fast food chain selling fried chicken - they prefer to be called by their initials nowKentucky Fried Chicken
88.2%
Sandwich with steak, melted cheese and optional onionsPhiladelphia cheesesteak
80.9%
Chicken wings in a hot sauce and butterBuffalo wings
79%
Deep-dish pizza with plenty of cheese and a chunky tomato sauceChicago-style pizza
74.7%
A small, strongly-flavored lime most popular for its association with piesKey lime
71.1%
A sushi roll with cucumber, crab meat, and avocadoCalifornia roll
65%
A form of cheesecake known for its use of heavy cream and its rich flavorNew York-style cheesecake
57.5%
Salad traditionally consisting of apples, celery and walnuts dressed in mayonnaise, served over lettuceWaldorf Salad
52.9%
Beans slow-baked with molassesBoston baked beans
50.2%
Round cake filled with a custard or cream and frosted with chocolateBoston cream pie
48.6%
Food description Food % Correct
A cocktail that usually includes vodka, gin, tequila, rum and triple secLong Island iced tea
48.1%
Ice cream surrounded by cooked meringueBaked Alaska
48%
Salad dressing commonly made of mayonnaise, ketchup, and finely chopped vegetablesThousand Island dressing
47.2%
A semi-hard cheese originating with Franciscan friars in California and popularized by David JackMonterey Jack
44.2%
Sliced bread which is twice the thickness of regular breadTexas toast
42.9%
Sweet onion bearing the name of the Georgia city where it was first grownVidalia onion
41.1%
Omelette filled with diced ham, onions, and green peppersDenver omelette
40.5%
Clam chowder with clear broth and tomatoesManhattan clam chowder
36.9%
Hot dog topped with a form of chili and sometimes cheeseConey Island hot dog
30.6%
A brand name of iced teas and juices which are actually made in New YorkArizona iced tea
26.8%

From the Vault

Find 7 Cities: Upstate New York

by Tasi

Geography 2.5m
Does anyone ever say "downstate New York?"
Remove Ads.
Support Sporcle.
Get the best of Sporcle when you Go Orange. This ad-free experience offers more features, more stats, and more fun while also helping to support Sporcle. Thank you for becoming a member.

Show Comments

Extras

Top Quizzes Today


Score Distribution

Your Account Isn't Verified!

In order to create a playlist on Sporcle, you need to verify the email address you used during registration. Go to your Sporcle Settings to finish the process.

Report this User

Report this user for behavior that violates our Community Guidelines.

Details: